| 000 | 00545nam a2200193Ia 4500 | ||
|---|---|---|---|
| 005 | 20250326144637.0 | ||
| 008 | 250326s9999 xx 000 0 und d | ||
| 020 | _a81-219-1248-2 | ||
| 037 | _aAnnuals, Advances | ||
| 040 |
_aFMSL _beng _cFMSL |
||
| 041 |
_aeng _2eng |
||
| 084 |
_aX65:8 P4;4 _qFMSL |
||
| 100 | _aBhalla V K | ||
| 245 | 0 |
_aInvestment management- security analysis and portfolio management _cBhalla V K |
|
| 260 | _c1982 | ||
| 300 | _a1012p | ||
| 942 |
_cTB _hX65:8 P4;4 |
||
| 999 |
_c1304451 _d1304451 |
||